Tous les départements représentés en ligue 1 (2024-2025) - Statistiques

Statistiques générales
  • Ce quiz a été pris 74 fois
  • Le résultat moyen est 14 sur 18
Statistiques - réponses
Club Départements % Correct
Olympique Lyonnais Rhône
96%
LOSC Lille Nord
94%
Olympique de Marseille Bouches-du-Rhône
91%
AS Saint-Étienne Loire
91%
Monaco Principauté de Monaco
91%
Paris-Saint-Germain Paris
90%
RC Lens Pas-de-Calais
88%
RC Strasbourg Bas-Rhin
86%
MHSC Montpellier Hérault
86%
Stade Brestois Finistère
84%
FC Nantes Loire-Atlantique
84%
Stade Rennais Ille-et-Vilaine
78%
OGC Nice Alpes-Maritimes
75%
Toulouse FC Haute-Garonne
65%
Stade de Reims Marne
65%
Havre AC Seine-Maritime
62%
SCO Angers Maine-et-Loire
61%
AJ Auxerre Yonne
59%
Aucun quiz correspondant
Distribution des résultats
% des personnes avec chaque résultat
Percentile par nombre de réponses
Votre historique - résultats
Vous n’avez pas pris ce quiz